000 01522cam a22004694i 4500
003 PE-LiUPU
005 20250731173016.0
008 150623s r 000 0 d
020 _a0800625137
035 _a(Sirsi) i9780800625139
040 _aPE-LiUPU
_bspa
_cPE-LiUPU
_erda
049 _aPRUA
082 0 4 _a232
_bE141918
_221
100 1 _aEckardt, Arthur Roy,
_eautor.
245 1 0 _aReclaiming the Jesus of history :
_bChristology today /
_cA. Roy Eckardt.
264 1 _aMinneapolis, MN :
_bFortress Press,
_c1992.
300 _a297 páginas ;
_c24 centímetros
336 _atext
_2rdacontent
337 _aunmediated
_2rdamedia
338 _avolume
_2rdacarrier
504 _aIncluye bibliografía.
505 0 _aPreliminares. -Five historical images. -From Jesus to Christ.
526 _aSEG42
526 _aSEG41
526 _aSEG40
526 _aSEG39
526 _aP94
526 _aP87
526 _aP86
526 _aP85
526 _aP77
526 _aP76
526 _aP35
600 1 _aJesucristo
_xPersona y oficio
600 1 _aJesucristo
_zJudaísmo
942 _2ddc
_cBOOK
949 _a232 E14 1918
_wDEWEY
_c1
_i47299
_lCCODEBUL1
_mBUL
_r0
_sY
_tBOOK
_u2015-6-24
_xTEOLOGIA
_PP35
_0COMPRA
_o.STAFF. Colección General
994 _aC0
_bPEPRU
596 _a1
999 _a232 E14 1918
_wDEWEY
_c23846
_i47299
_f2021-11-9
_g5
_lCCODEBUL1
_mBUL
_r0
_sY
_tBOOK
_u2015-6-24
_xTEOLOGIA
_PP35
_0COMPRA
_o.STAFF. Colección General
_d23846
980 _81
_gALBERTO SANCHEZ Responsable de Automatización